| 000 | 02044nam a2200409 c 4500 | ||
|---|---|---|---|
| 999 |
_c195874 _d195874 |
||
| 003 | BLK | ||
| 005 | 20200108151852.0 | ||
| 008 | 180411b bul|||||r ||||||| ||bul|| | ||
| 010 | _aKNG00205129000 | ||
| 020 | _a978-954-9696-52-3 | ||
| 040 | _aBLK | ||
| 041 |
_aBUL _cBUL |
||
| 072 | 7 |
_2bullib _aН33 _xИкономика Н |
|
| 080 |
_aИкономическо положение. Икономическа политика. Управление. Планиране. Производство. Услуги. Цени _b338 _x(02.062) _z338(02.062) |
||
| 080 |
_aЕтика на бизнеса. Успех _b174.4 _x(02.062) _z174.4(02.062) |
||
| 080 |
_aИкономическа психология. Икономическо поведение. Физиологични и психологични елементи. Интереси. Икономически дух _b330.16 _x(02.062) _z330.16(02.062) |
||
| 100 | 1 |
_aБрансън, Ричард _eпърви автор _942928 |
|
| 139 |
_aБрансън, Ричард _bБ 77 |
||
| 245 | 1 | 0 |
_aБизнесът на бъдещето _cРичард Брансън; прев. Антоанета Тошева. |
| 250 | _a[2. изд.] | ||
| 257 | _aGBR | ||
| 260 |
_bAMG _c2017 _fХасково : Полиграфюг |
||
| 300 |
_a360 с. _c21 см |
||
| 380 | _a3 | ||
| 500 | _a1. изд. 2017. - Ориг. загл. Screw Business As Usual / Richard Branson. - Пълното име на авт. е Ричард Чарлс Николас Брансън. | ||
| 650 | 4 |
_aПредприемачество _9167569 |
|
| 650 | 4 |
_aИкономическо поведение _9245306 |
|
| 653 | _aпредприемачество | ||
| 653 | _aикономическо поведение | ||
| 659 | _aН | ||
| 700 | 1 |
_aТошева, Антоанета _eпрев. _9368437 |
|
| 852 | _aЦб 285177 | ||
| 856 | 4 | _qpdf | |
| 856 | 4 | _qpdf | |
| 942 |
_cKNG _n0 _04 |
||
| 944 |
_aCR _c18.04.2017 _kВиолета_Тройчева |
||
| 944 |
_aED _c02.05.2017 _kЛюдмила_Стоянова |
||
| 999 | _d195874 | ||